| 000 | nam a22 a 4500 | ||
|---|---|---|---|
| 999 |
_c114320 _d114320 |
||
| 003 | BLK | ||
| 005 | 20221026152211.0 | ||
| 008 | 180409b bul|||||r ||||||| ||bul|| | ||
| 010 | _aKNG00119751000 | ||
| 040 | _aBLK | ||
| 041 |
_aBUL _cBUL |
||
| 080 |
_aИкономическо положение. Икономическа политика. Управление. Планиране. Производство. Услуги. Цени _b338 _x(075.81) _z338(075.81) |
||
| 100 | 1 |
_aВълев, Никола _eпърви автор _9313392 |
|
| 139 |
_aВълев, Никола и др. _bВ 92 |
||
| 245 | 1 | 0 |
_aПланиране на народното стопанство _bУчебник за студентите от СУ Климент Охридски _cНикола Вълев, Мило М. Кичович. |
| 257 | _aBGR | ||
| 260 |
_aСофия _bНаука и изкуство _c1977 _fЯмбол : Г. Димитров |
||
| 300 |
_a288 с. _bс табл. _c22 см |
||
| 380 | _aX | ||
| 500 | _a3 227 тир. | ||
| 650 | 4 |
_aНародостопанско планиране _9163476 |
|
| 650 | 4 |
_aУчебници - за висши учебни заведения _9269311 |
|
| 700 | 1 |
_aКичович, Мило М. _eсъавт. _9313393 |
|
| 852 | _aЦб 85278 | ||
| 856 | 4 |
_qpdf _i0.00 _ldisable |
|
| 856 | 4 |
_qpdf _i0.00 _ldisable |
|
| 942 |
_cKNG _n0 _s1 |
||
| 944 |
_aCR _c16.09.2016 _kГрета_Цуфелде |
||
| 944 |
_aED _c16.09.2016 _kГрета_Цуфелде |
||
| 999 | _d114320 | ||